[Event "Aut_chT0809"]
[Site "Graz"]
[Date "2009.01.25"]
[Round "7"]
[Board "1"]
[White "Gyimesi, Zoltan"]
[Black "Korneev, Oleg"]
[Result "1/2-1/2"]
[WhiteElo "2582"]
[BlackElo "2613"]
[PlyCount "30"]
[EventDate "2008.11.07"]
[EventType "team"]
[EventRounds "11"]
[EventCountry "AUT"]
[WhiteTeam "Sparkasse Jenbach"]
[BlackTeam "Holz Dohr"]

1.d4 d5 2.c4 e6 3.Nf3 Nf6 4.Nc3 Be7 5.Bf4 O-O 6.e3 c5 7.dxc5 Bxc5 8.a3 Nc6
9.cxd5 Nxd5 10.Nxd5 exd5 11.Bd3 Bb6 12.O-O Bg4 13.b4 d4 14.b5 Na5 15.exd4 Qd5

[Event "Aut_chT0809"]
[Site "Graz"]
[Date "2009.01.25"]
[Round "7"]
[Board "2"]
[White "Baklan, Vladimir"]
[Black "Schlosser, Philipp"]
[Result "1/2-1/2"]
[WhiteElo "2627"]
[BlackElo "2570"]
[PlyCount "30"]
[EventDate "2008.11.07"]
[EventType "team"]
[EventRounds "11"]
[EventCountry "AUT"]
[WhiteTeam "Holz Dohr"]
[BlackTeam "Sparkasse Jenbach"]

1.e4 e5 2.Nf3 Nc6 3.Bb5 a6 4.Ba4 Nf6 5.Qe2 b5 6.Bb3 Be7 7.c3 O-O 8.d4 d6 9.Nbd2
exd4 10.cxd4 Bg4 11.Qe3 Na5 12.Bc2 c5 13.O-O Bh5 14.h3 Re8 15.b3 Bf8

[Event "Aut_chT0809"]
[Site "Graz"]
[Date "2009.01.25"]
[Round "7"]
[Board "3"]
[White "Lehner, Oliver"]
[Black "Kosten, Anthony C"]
[Result "1/2-1/2"]
[WhiteElo "2413"]
[BlackElo "2514"]
[PlyCount "67"]
[EventDate "2008.11.07"]
[EventType "team"]
[EventRounds "11"]
[EventCountry "AUT"]
[WhiteTeam "Sparkasse Jenbach"]
[BlackTeam "Holz Dohr"]

1.d4 Nf6 2.c4 e6 3.Nc3 Bb4 4.Nf3 Ne4 5.Qc2 f5 6.g3 O-O 7.Bg2 d6 8.O-O Bxc3
9.bxc3 Nc6 10.d5 Ne7 11.Nd4 exd5 12.cxd5 Nxd5 13.Bb2 Qe8 14.c4 Nb4 15.Qb3 a5
16.a3 Nc5 17.Qd1 Nba6 18.Nb5 Be6 19.Rc1 Qg6 20.Nd4 Bd7 21.Bc3 a4 22.e3 Ne4
23.Bb2 Nac5 24.Ne2 b5 25.Nf4 Qf7 26.cxb5 Bxb5 27.Re1 Rab8 28.g4 Bd7 29.Ba1 Ne6
30.Nxe6 Bxe6 31.f4 Nc5 32.gxf5 Qxf5 33.Bd4 Rf7 34.Bxc5

[Event "Aut_chT0809"]
[Site "Graz"]
[Date "2009.01.25"]
[Round "7"]
[Board "4"]
[White "Kunin, Vitaly"]
[Black "Stangl, Markus"]
[Result "1-0"]
[WhiteElo "2546"]
[BlackElo "2458"]
[PlyCount "115"]
[EventDate "2008.11.07"]
[EventType "team"]
[EventRounds "11"]
[EventCountry "AUT"]
[WhiteTeam "Holz Dohr"]
[BlackTeam "Sparkasse Jenbach"]

1.d4 g6 2.e4 Bg7 3.c4 d6 4.Nc3 Nd7 5.Bg5 h6 6.Be3 e5 7.Nf3 Ngf6 8.h3 exd4 9.Bxd4
O-O 10.Bd3 Re8 11.O-O Ne5 12.Re1 Nh5 13.Be3 c6 14.Be2 Nf6 15.Qd2 Kh7 16.Rad1
Ned7 17.Qc2 Qe7 18.Bf4 Ne5 19.c5 Nxf3+ 20.Bxf3 dxc5 21.Bd6 Qd8 22.Bxc5 Nd7
23.Be3 Qh4 24.Bc1 Nf8 25.Qb3 Ne6 26.Bg4 b5 27.e5 h5 28.Bf3 Nd4 29.Rxd4 Qxd4
30.Bxc6 Be6 31.Qc2 Qc5 32.Bxa8 Rxa8 33.Qe2 Bc4 34.Qf3 Re8 35.Ne4 Qb4 36.Bd2 Qxb2
37.Bc3 Qa3 38.e6 Qe7 39.exf7 Bxf7 40.Nf6+ Qxf6 41.Bxf6 Rxe1+ 42.Kh2 Bxf6 43.Qxf6
Bxa2 44.g4 hxg4 45.hxg4 Bc4 46.Kg3 Rd1 47.Qe7+ Kg8 48.Kh4 Rd5 49.Qxa7 Bb3 50.Qe7
Bc4 51.Qf6 g5+ 52.Kh5 Rd7 53.Kxg5 b4 54.Qf4 Rg7+ 55.Kh4 Be6 56.Qxb4 Rxg4+
57.Qxg4+ Bxg4 58.Kxg4

[Event "Aut_chT0809"]
[Site "Graz"]
[Date "2009.01.25"]
[Round "7"]
[Board "5"]
[White "Reich, Thomas"]
[Black "Freitag, Manfred"]
[Result "1-0"]
[WhiteElo "2404"]
[BlackElo "2406"]
[PlyCount "89"]
[EventDate "2008.11.07"]
[EventType "team"]
[EventRounds "11"]
[EventCountry "AUT"]
[WhiteTeam "Sparkasse Jenbach"]
[BlackTeam "Holz Dohr"]

1.d4 Nf6 2.c4 g6 3.Nc3 Bg7 4.e4 d6 5.f3 O-O 6.Be3 Nbd7 7.Qd2 c5 8.d5 a6 9.a4 Ne5
10.Bh6 Bxh6 11.Qxh6 e6 12.Qd2 exd5 13.cxd5 Re8 14.Nge2 Qa5 15.Ra2 Qb4 16.Nc1 Bd7
17.Nd3 Qd4 18.Nxe5 Qxe5 19.a5 Rab8 20.Bc4 Rec8 21.b3 b5 22.axb6 Rxb6 23.Rxa6
Rxa6 24.Bxa6 Ra8 25.Be2 Ra1+ 26.Nd1 Nh5 27.O-O Nf4 28.Bc4 f5 29.Nf2 fxe4 30.Nxe4
Rxf1+ 31.Bxf1 Bf5 32.g3 Nh5 33.Nc3 Nf6 34.Kf2 Kf8 35.Qe3 Qd4 36.Bc4 Qxe3+
37.Kxe3 h5 38.h4 Ke7 39.Bd3 Bxd3 40.Kxd3 Ne8 41.Ne4 Nc7 42.Kc4 Na6 43.g4 hxg4
44.fxg4 Nb8 45.h5

[Event "Aut_chT0809"]
[Site "Graz"]
[Date "2009.01.25"]
[Round "7"]
[Board "6"]
[White "Watzka, Horst"]
[Black "Deglmann, Ludwig"]
[Result "1/2-1/2"]
[WhiteElo "2324"]
[BlackElo "2325"]
[PlyCount "37"]
[EventDate "2008.11.07"]
[EventType "team"]
[EventRounds "11"]
[EventCountry "AUT"]
[WhiteTeam "Holz Dohr"]
[BlackTeam "Sparkasse Jenbach"]

1.e4 g6 2.d4 Bg7 3.Nf3 d6 4.Bc4 Nf6 5.Nc3 Nxe4 6.Nxe4 d5 7.Bd3 dxe4 8.Bxe4 O-O
9.c3 Nd7 10.O-O c5 11.Be3 Nf6 12.Bc2 cxd4 13.Bxd4 Qc7 14.Re1 Nh5 15.Qe2 Be6
16.Qe3 Nf4 17.Bxg7 Kxg7 18.Ne5 Nd5 19.Qe2

[Event "Aut_chT0809"]
[Site "Graz"]
[Date "2009.01.25"]
[Round "7"]
[Board "1"]
[White "Miroshnichenko, Evgenij"]
[Black "Weiss, Christian"]
[Result "1-0"]
[WhiteElo "2667"]
[BlackElo "2424"]
[PlyCount "59"]
[EventDate "2008.11.07"]
[EventType "team"]
[EventRounds "11"]
[EventCountry "AUT"]
[WhiteTeam "ASVOE Wulkaprodersdorf"]
[BlackTeam "Union Ansfelden"]

1.c4 Nf6 2.Nc3 g6 3.d4 Bg7 4.e4 d6 5.h3 O-O 6.Be3 c6 7.Nf3 a6 8.c5 b6 9.cxd6
exd6 10.Bd3 b5 11.O-O Nbd7 12.Re1 Re8 13.Bg5 Qb6 14.Rc1 Bb7 15.a3 c5 16.e5 Nd5
17.Nxd5 Bxd5 18.dxc5 dxc5 19.Bxg6 Qb7 20.Bf5 Bxf3 21.Qxd7 Bxg2 22.Rxc5 Bh1
23.Qxb7 Bxb7 24.Bd7 Reb8 25.Rc7 Bd5 26.f4 Be6 27.Rd1 h6 28.Bh4 b4 29.a4 Bxd7
30.Rdxd7

[Event "Aut_chT0809"]
[Site "Graz"]
[Date "2009.01.25"]
[Round "7"]
[Board "2"]
[White "Knoll, Hermann"]
[Black "Polzin, Rainer"]
[Result "1/2-1/2"]
[WhiteElo "2371"]
[BlackElo "2500"]
[PlyCount "76"]
[EventDate "2008.11.07"]
[EventType "team"]
[EventRounds "11"]
[EventCountry "AUT"]
[WhiteTeam "Union Ansfelden"]
[BlackTeam "ASVOE Wulkaprodersdorf"]

1.d4 Nf6 2.c4 g6 3.Nc3 Bg7 4.e4 d6 5.Nf3 O-O 6.Be2 e5 7.O-O Nc6 8.d5 Ne7 9.b4
Ne8 10.a4 f5 11.a5 Nf6 12.Re1 h6 13.Nd2 g5 14.exf5 Bxf5 15.Bf1 Ng6 16.Nde4 Nf4
17.Ra2 Qd7 18.Qb3 Qf7 19.Nxf6+ Qxf6 20.Ne4 Qg6 21.Ng3 e4 22.Nxf5 Qxf5 23.g3 Nd3
24.Bxd3 exd3 25.Be3 Rae8 26.Rd2 g4 27.Qxd3 Re4 28.Rc1 a6 29.b5 h5 30.bxa6 bxa6
31.c5 h4 32.gxh4 Be5 33.Rc4 Rxc4 34.Qxc4 Qf3 35.Qd3 Qh3 36.Qg6+ Kh8 37.Qh6+ Kg8
38.Qg6+ Kh8

[Event "Aut_chT0809"]
[Site "Graz"]
[Date "2009.01.25"]
[Round "7"]
[Board "3"]
[White "Likavsky, Tomas"]
[Black "Hellmayr, Alois"]
[Result "1-0"]
[WhiteElo "2498"]
[BlackElo "2333"]
[PlyCount "65"]
[EventDate "2008.11.07"]
[EventType "team"]
[EventRounds "11"]
[EventCountry "AUT"]
[WhiteTeam "ASVOE Wulkaprodersdorf"]
[BlackTeam "Union Ansfelden"]

1.Nf3 c5 2.c4 b6 3.d4 cxd4 4.Nxd4 g6 5.e4 Bg7 6.Nc3 Nc6 7.Be3 Nf6 8.Nc2 Bb7 9.f3
Rc8 10.Be2 O-O 11.O-O Na5 12.Na3 Qc7 13.Rc1 Qb8 14.Qd2 Nc6 15.Rfd1 Rfe8 16.Bf1
h5 17.Nd5 Ne5 18.h3 d6 19.b3 Nh7 20.Nb5 Nd7 21.Qf2 Nc5 22.Qh4 e6 23.Ne7+ Rxe7
24.Qxe7 Bf8 25.Qh4 a6 26.Nc3 d5 27.cxd5 Bd6 28.f4 exd5 29.e5 Bf8 30.Nxd5 Re8
31.Nxb6 g5 32.Qxh5 gxf4 33.Qg4+

[Event "Aut_chT0809"]
[Site "Graz"]
[Date "2009.01.25"]
[Round "7"]
[Board "4"]
[White "Moser, Guenter"]
[Black "Kalod, Radek"]
[Result "0-1"]
[WhiteElo "2341"]
[BlackElo "2504"]
[PlyCount "46"]
[EventDate "2008.11.07"]
[EventType "team"]
[EventRounds "11"]
[EventCountry "AUT"]
[WhiteTeam "Union Ansfelden"]
[BlackTeam "ASVOE Wulkaprodersdorf"]

1.d4 Nf6 2.c4 g6 3.Nc3 d5 4.Bf4 Bg7 5.e3 c5 6.dxc5 Qa5 7.Rc1 dxc4 8.Bxc4 O-O
9.Nf3 Nc6 10.O-O Qxc5 11.Nb5 Be6 12.Bd3 Qb4 13.Nc7 Bxa2 14.Nxa8 Rxa8 15.Ne5 Nd5
16.Nxc6 bxc6 17.Rxc6 Bxb2 18.Ra6 Bb3 19.Bc2 Nc3 20.Qf3 Bd5 21.Qg4 Qc4 22.e4 Qxa6
23.exd5 Ne2+

[Event "Aut_chT0809"]
[Site "Graz"]
[Date "2009.01.25"]
[Round "7"]
[Board "5"]
[White "Volkmann, Friedrich Karl"]
[Black "Klinger, Josef"]
[Result "1/2-1/2"]
[WhiteElo "2444"]
[BlackElo "2429"]
[PlyCount "35"]
[EventDate "2008.11.07"]
[EventType "team"]
[EventRounds "11"]
[EventCountry "AUT"]
[WhiteTeam "ASVOE Wulkaprodersdorf"]
[BlackTeam "Union Ansfelden"]

1.d4 e6 2.e4 d5 3.Nd2 dxe4 4.Nxe4 Nd7 5.Nf3 Ngf6 6.Bd3 Be7 7.c4 b6 8.O-O Bb7
9.Qe2 O-O 10.Rd1 c5 11.dxc5 Nxe4 12.Bxe4 Bxe4 13.Qxe4 Nxc5 14.Qe2 Qc7 15.Be3
Rfd8 16.Bd4 Qf4 17.Be5 Qe4 18.Kf1

[Event "Aut_chT0809"]
[Site "Graz"]
[Date "2009.01.25"]
[Round "7"]
[Board "6"]
[White "Tkaczuk, Rainer"]
[Black "Schweda, Roland"]
[Result "1/2-1/2"]
[WhiteElo "2271"]
[BlackElo "2420"]
[PlyCount "104"]
[EventDate "2008.11.07"]
[EventType "team"]
[EventRounds "11"]
[EventCountry "AUT"]
[WhiteTeam "Union Ansfelden"]
[BlackTeam "ASVOE Wulkaprodersdorf"]

1.e4 c5 2.Nf3 a6 3.c3 d5 4.exd5 Qxd5 5.d4 e6 6.Be3 cxd4 7.Qxd4 Nf6 8.Bc4 Qxd4
9.Nxd4 Be7 10.Bg5 h6 11.Bh4 b5 12.Be2 Bb7 13.O-O Nbd7 14.Nd2 Nc5 15.Rac1 O-O
16.N2b3 Rac8 17.Nxc5 Bxc5 18.Bxf6 gxf6 19.Bf3 Bxf3 20.Nxf3 Rfd8 21.Rfd1 Kf8
22.Kf1 Ke7 23.Ke2 Rxd1 24.Rxd1 f5 25.g3 Bd6 26.Rd4 e5 27.Rh4 b4 28.c4 f6 29.b3
Rc5 30.Rxh6 Ra5 31.Nd2 Rxa2 32.f3 Bc5 33.Kd3 Bf2 34.c5 Bxc5 35.g4 e4+ 36.fxe4
fxg4 37.Rg6 Bd6 38.Rxg4 Bxh2 39.Nc4 Ke6 40.Rg7 Ra1 41.Rb7 a5 42.Ra7 Rd1+ 43.Ke2
Rd4 44.Ra6+ Kf7 45.Ke3 Bg1+ 46.Kf4 Rd3 47.e5 Rxb3 48.Rxf6+ Kg7 49.Nxa5 Rb1
50.Kf5 Rf1+ 51.Ke6 Ra1 52.Rf3 Rxa5

[Event "Aut_chT0809"]
[Site "Graz"]
[Date "2009.01.25"]
[Round "7"]
[Board "1"]
[White "Baramidze, David"]
[Black "Markos, Jan"]
[Result "1/2-1/2"]
[WhiteElo "2548"]
[BlackElo "2577"]
[PlyCount "125"]
[EventDate "2008.11.07"]
[EventType "team"]
[EventRounds "11"]
[EventCountry "AUT"]
[WhiteTeam "SK Hohenems"]
[BlackTeam "ASVOE Pamhagen"]

1.e4 c5 2.Nf3 Nc6 3.d4 cxd4 4.Nxd4 e5 5.Nb5 d6 6.N1c3 a6 7.Na3 Be7 8.Nc4 b5
9.Ne3 Nf6 10.Bd3 O-O 11.O-O Rb8 12.a4 b4 13.Ncd5 Nxd5 14.Nxd5 Bg5 15.c3 bxc3
16.bxc3 Bxc1 17.Qxc1 a5 18.Bb5 Ne7 19.c4 Bb7 20.Qd2 Bxd5 21.cxd5 f5 22.f3 fxe4
23.fxe4 Qb6+ 24.Kh1 Rxf1+ 25.Rxf1 Rf8 26.Rxf8+ Kxf8 27.g3 Qd4 28.Qc2 Qe3 29.Kg2
g6 30.h4 Kg7 31.Kh2 Qb6 32.Kg2 Ng8 33.Qc6 Qd8 34.Qb7+ Kh6 35.Qf7 Nf6 36.Kf3 Qh8
37.Qe7 Qg7 38.Qxd6 Qf7 39.Qxe5 Nxd5+ 40.Ke2 Nf6 41.Bd3 Qa2+ 42.Kf3 Qb3 43.Qf4+
Kg7 44.Qc7+ Kh6 45.Qc2 Qb4 46.Qc1+ Kg7 47.Qc7+ Kf8 48.Qd8+ Kg7 49.Qc7+ Kf8
50.Qe5 Qb6 51.Qb5 Qd4 52.Qb8+ Ke7 53.Qc7+ Kf8 54.Bc2 Nd7 55.Qxa5 Ne5+ 56.Kf4 Nc4
57.Qb4+ Kf7 58.Qb7+ Kf6 59.Qc6+ Kg7 60.Qc7+ Kh6 61.Kg4 Ne5+ 62.Kh3 Qg1 63.Qxe5

[Event "Aut_chT0809"]
[Site "Graz"]
[Date "2009.01.25"]
[Round "7"]
[Board "2"]
[White "Ftacnik, Lubomir"]
[Black "Braun, Arik"]
[Result "1/2-1/2"]
[WhiteElo "2562"]
[BlackElo "2558"]
[PlyCount "71"]
[EventDate "2008.11.07"]
[EventType "team"]
[EventRounds "11"]
[EventCountry "AUT"]
[WhiteTeam "ASVOE Pamhagen"]
[BlackTeam "SK Hohenems"]

1.Nf3 Nf6 2.c4 c6 3.d4 d5 4.e3 a6 5.Bd3 Bg4 6.Nbd2 Nbd7 7.Qc2 dxc4 8.Bxc4 e6
9.b3 c5 10.Ne5 Bh5 11.Nxd7 Qxd7 12.dxc5 Bg6 13.Qc3 Qc6 14.O-O Qxc5 15.Bb2 b5
16.Be2 Qxc3 17.Bxc3 Ba3 18.Nb1 Be7 19.Bf3 Rd8 20.Ba5 Rd3 21.Be2 Rd7 22.Nd2 Ba3
23.Nf3 Rd5 24.Rad1 Ke7 25.Rxd5 Nxd5 26.Ne5 Rc8 27.Nxg6+ hxg6 28.e4 Nf4 29.Bd1
Nd3 30.Bd2 Nb2 31.Bf3 Rc2 32.Bg5+ f6 33.Rc1 Rxc1+ 34.Bxc1 Nc4 35.bxc4 Bxc1
36.cxb5

[Event "Aut_chT0809"]
[Site "Graz"]
[Date "2009.01.25"]
[Round "7"]
[Board "3"]
[White "Bezold, Michael"]
[Black "Cvek, Robert"]
[Result "1/2-1/2"]
[WhiteElo "2509"]
[BlackElo "2531"]
[PlyCount "61"]
[EventDate "2008.11.07"]
[EventType "team"]
[EventRounds "11"]
[EventCountry "AUT"]
[WhiteTeam "SK Hohenems"]
[BlackTeam "ASVOE Pamhagen"]

1.g3 d5 2.Bg2 e5 3.d3 Nf6 4.Nf3 Bd6 5.O-O O-O 6.Nc3 c6 7.e4 dxe4 8.Nxe4 Nxe4
9.dxe4 Bg4 10.h3 Bh5 11.Qe1 Nd7 12.Nh4 Bc5 13.Bf3 Bxf3 14.Nxf3 Qb6 15.a4 Rfe8
16.b3 a5 17.Bb2 Bd4 18.Rd1 Bxb2 19.Rxd7 Rad8 20.Qd2 Bd4 21.Rxd8 Rxd8 22.Kg2 Bb2
23.Qe2 Qc5 24.Rd1 Rxd1 25.Qxd1 g6 26.c4 Bd4 27.Qd2 Kg7 28.g4 Qb6 29.h4 h6 30.Qc2
c5 31.h5

[Event "Aut_chT0809"]
[Site "Graz"]
[Date "2009.01.25"]
[Round "7"]
[Board "4"]
[White "Antoniewski, Rafal"]
[Black "Atlas, Valery"]
[Result "1-0"]
[WhiteElo "2513"]
[BlackElo "2431"]
[PlyCount "79"]
[EventDate "2008.11.07"]
[EventType "team"]
[EventRounds "11"]
[EventCountry "AUT"]
[WhiteTeam "ASVOE Pamhagen"]
[BlackTeam "SK Hohenems"]

1.e4 c5 2.Nf3 e6 3.d4 cxd4 4.Nxd4 Nf6 5.Nc3 d6 6.Be3 Be7 7.f3 Nc6 8.Qd2 d5 9.Bb5
Bd7 10.exd5 Nxd5 11.Nxd5 exd5 12.O-O-O O-O 13.Ne2 Be6 14.Kb1 a6 15.Bd3 Qd7
16.Nf4 Rfe8 17.Bf2 b5 18.Rhe1 Rad8 19.h4 Nb4 20.g4 Bf8 21.Bd4 Nc6 22.Bb6 Rb8
23.Bf2 Rbd8 24.h5 Qc7 25.h6 g6 26.Nh5 Be7 27.Ng7 Bf6 28.Nxe8 Rxe8 29.f4 Rd8
30.f5 Bc8 31.Bf1 d4 32.Bg2 g5 33.Qe2 Bd7 34.Bxc6 Qxc6 35.Bxd4 Re8 36.Qd2 Rxe1
37.Qxe1 Bd8 38.Bc3 Kf8 39.Bg7+ Kg8 40.Qd2

[Event "Aut_chT0809"]
[Site "Graz"]
[Date "2009.01.25"]
[Round "7"]
[Board "5"]
[White "Novkovic, Milan"]
[Black "Alvir, Aco"]
[Result "1/2-1/2"]
[WhiteElo "2407"]
[BlackElo "2386"]
[PlyCount "69"]
[EventDate "2008.11.07"]
[EventType "team"]
[EventRounds "11"]
[EventCountry "AUT"]
[WhiteTeam "SK Hohenems"]
[BlackTeam "ASVOE Pamhagen"]

1.d4 g6 2.c4 Bg7 3.Nf3 c5 4.d5 d6 5.e4 e6 6.h3 exd5 7.exd5 Ne7 8.Bd3 O-O 9.O-O
Nf5 10.Nbd2 Re8 11.Rb1 Nd7 12.a3 a5 13.b3 b6 14.Bxf5 gxf5 15.Bb2 Nf6 16.Qc2 Ra7
17.Rfe1 Rae7 18.Kf1 Rxe1+ 19.Rxe1 Rxe1+ 20.Nxe1 f4 21.a4 Qd7 22.Qd3 h6 23.Bc3
Qf5 24.Ke2 Qg6 25.Qf3 Bf5 26.Kd1 h5 27.Kc1 Ne4 28.Bxg7 Nxd2 29.Kxd2 Qxg7 30.Qc3
Qxc3+ 31.Kxc3 Be4 32.f3 Bf5 33.Nd3 Bxd3 34.Kxd3 f5 35.h4

[Event "Aut_chT0809"]
[Site "Graz"]
[Date "2009.01.25"]
[Round "7"]
[Board "6"]
[White "Lipka, Juraj"]
[Black "Froewis, Georg"]
[Result "1-0"]
[WhiteElo "2426"]
[BlackElo "2255"]
[PlyCount "82"]
[EventDate "2008.11.07"]
[EventType "team"]
[EventRounds "11"]
[EventCountry "AUT"]
[WhiteTeam "ASVOE Pamhagen"]
[BlackTeam "SK Hohenems"]

1.Nf3 d5 2.d4 Nf6 3.c4 e6 4.g3 Be7 5.Bg2 O-O 6.O-O dxc4 7.Qc2 a6 8.a4 Nbd7
9.Nbd2 Rb8 10.Nxc4 Nd5 11.Bd2 N7f6 12.Nfe5 Bb4 13.Rfd1 Bxd2 14.Qxd2 Bd7 15.Nd3
Ne7 16.Nce5 Qe8 17.Nc5 Bc6 18.Nxc6 Nxc6 19.b4 Nd8 20.Qc2 c6 21.e3 e5 22.dxe5
Qxe5 23.e4 Qc7 24.f4 Ne6 25.e5 Ng4 26.Qe2 Nxc5 27.bxc5 f5 28.a5 Rbd8 29.Rd6 Nh6
30.Qa2+ Kh8 31.Rad1 Nf7 32.Bf1 Nxd6 33.cxd6 Qb8 34.Qf2 Rd7 35.Bc4 Rfd8 36.Be6
Rxd6 37.exd6 Rxd6 38.Re1 Qd8 39.Bxf5 Rd1 40.Bc2 Rxe1+ 41.Qxe1 Qd4+